[Event "AUT-chT 0607"]
[Site "Austria"]
[Date "2006.11.05"]
[Round "3"]
[White "Novkovic, Milan"]
[Black "Schade, Wolfgang"]
[Result "1-0"]
[WhiteElo "2417"]
[BlackElo "2206"]
[PlyCount "91"]
[EventDate "2006.11.03"]
[EventType "team"]
[EventRounds "11"]
[EventCountry "AUT"]
[SourceTitle "EXT 2007"]
[Source "ChessBase"]
[SourceDate "2006.11.23"]
[SourceVersion "1"]
[SourceVersionDate "2006.11.23"]
[SourceQuality "1"]
[WhiteTeam "Hohenems"]
[BlackTeam "Leoben"]
[WhiteTeamCountry "AUT"]
[BlackTeamCountry "AUT"]

1. Nf3 Nf6 2. c4 g6 3. Nc3 Bg7 4. d4 0-0 5. Bg5 d6 6. e3 c6 7. Be2 Nbd7 8. Qc2 Qc7 9. 0-0 e5 10. Rfd1 Re8 11. Rac1 h6 12. Bh4 b6 13. b4 Bb7 14. h3 a6 15. Bg3 Qc8 16. Nd2 Bf8 17. a3 c5 18. bxc5 bxc5 19. d5 Qc7 20. Rb1 Bg7 21. Rb2 Reb8 22. Rdb1 Bc8 23. Bd1 Rxb2 24. Rxb2 Rb8 25. f3 Rxb2 26. Qxb2 Qb8 27. Qa2 Qc7 28. Be1 Nb6 29. a4 Bb7 30. Nf1 Nc8 31. g4 Qe7 32. Ng3 Qd7 33. Qb1 Nh7 34. h4 Nf8 35. h5 Qe7 36. Bc2 g5 37. Nce4 Qc7 38. Nf5 Ba8 39. Bc3 Nd7 40. Qd1 f6 41. Qd3 Nf8 42. Qd2 Bb7 43. Ba5 Qb8 44. Qd3 Kf7 45. Qb3 Nd7 46. Qxb7 1-0

[Event "AUT-chT 0607"]
[Site "Austria"]
[Date "2006.11.04"]
[Round "2"]
[White "Schade, Wolfgang"]
[Black "Tratar, Marko"]
[Result "0-1"]
[WhiteElo "2206"]
[BlackElo "2483"]
[PlyCount "49"]
[EventDate "2006.11.03"]
[EventType "team"]
[EventRounds "11"]
[EventCountry "AUT"]
[SourceTitle "EXT 2007"]
[Source "ChessBase"]
[SourceDate "2006.11.23"]
[SourceVersion "1"]
[SourceVersionDate "2006.11.23"]
[SourceQuality "1"]
[WhiteTeam "Leoben"]
[BlackTeam "Maria Saal"]
[WhiteTeamCountry "AUT"]
[BlackTeamCountry "AUT"]

1. e4 c5 2. Nc3 Nc6 3. g3 g6 4. Bg2 Bg7 5. f4 d6 6. Nf3 e5 7. d3 Nge7 8. 0-0 0-0 9. Be3 b6 10. Qd2 Bb7 11. f5 gxf5 12. Bh6 fxe4 13. dxe4 Nd4 14. Nh4 f6 15. Bxg7 Kxg7 16. Rf2 Rf7 17. Raf1 Ba6 18. Re1 Bc8 19. Nd1 Be6 20. Ne3 Qd7 21. c3 Nb5 22. b3 Nc7 23. Rd1 Rd8 24. Qe2 Qe8 25. Rdf1 0-1